| 000 | 00633nam a22002057a 4500 | ||
|---|---|---|---|
| 003 | 0 | ||
| 005 | 20240213103712.0 | ||
| 008 | 240213b xxu||||| |||| 00| 0 eng d | ||
| 020 | _a978-0-19-886256-7 | ||
| 050 |
_aHF 5415.32 _b.Sz96 2022 |
||
| 100 | _aSzmigin, Isabelle | ||
| 245 |
_aConsumer behaviour _cSzmigin, Isabelle |
||
| 250 | _aThird edition | ||
| 260 |
_aLondon _bOxford University Press _cc2022. |
||
| 300 |
_axxx, 582 pages : _bcolored illustrations ; _c25 cm. |
||
| 504 | _aIncludes bibliographical references, index, and glossary. | ||
| 650 | _aConsumer behaviour. | ||
| 650 | _aMarketing. | ||
| 942 |
_2lcc _cBK |
||
| 999 |
_c365919 _d365919 |
||